| 000 | 00759nam a2200241 a 4500 | ||
|---|---|---|---|
| 999 |
_c6248 _d6248 |
||
| 005 | 20250429170327.0 | ||
| 008 | 140320b2002 ck ||||| |||| 00| 0 spa d | ||
| 040 |
_aCO-BoIAVH _cCO-BoIAVH |
||
| 041 | _aspa | ||
| 044 | _ack | ||
| 090 |
_aIAVH _b0005 |
||
| 110 | _bInstituto de Investigación de Recursos Biológicos Alexander von Humboldt | ||
| 245 | _aInforme gestión institucional anual 2001 | ||
| 260 |
_aBogotá _bInstituto Alexander von Humboldt _c2002 |
||
| 300 | _a78 páginas | ||
| 650 | 1 | 6 | _aInventarios de biodiversidad |
| 650 | 1 | 6 | _aPolítica ambiental |
| 650 | 1 | 6 | _aUso sostenible |
| 650 | 1 | 6 | _aConservación |
| 700 | _aEscobar, Jorge | ||
| 700 | _aChaves, María Elfi | ||
| 942 |
_cLIBRO _2z _01 |
||